|
|
|
|
| LEADER |
00000cam a2200000 a 4500 |
| 001 |
vtls009969709 |
| 003 |
SK-MaSNL |
| 005 |
20260301212529.0 |
| 008 |
240315s2009 xo g 000 0 slo |
| 015 |
|
|
|a SNBA2001/03-01395
|
| 020 |
|
|
|a 9788080944919
|q (brož.)
|
| 035 |
|
|
|a 51D51CB4-837F-4ABE-B749-7315843E74AA
|
| 035 |
|
|
|a urn:nbn:sk:snk-amk9fr
|
| 035 |
|
|
|a urn:nbn:sk:snk-am008auf
|
| 040 |
|
|
|a SNK
|b slo
|c SNK
|e AACR2
|
| 041 |
0 |
|
|a slo
|
| 043 |
|
|
|a e-it--
|
| 044 |
|
|
|a xo
|c SK
|
| 072 |
|
7 |
|a 821.131.1-1
|x Talianska poézia
|2 konspekt
|
| 080 |
|
|
|a 821.131.1-1-051
|2 2001
|
| 080 |
|
|
|a 82.02"1866/1918"
|2 2001
|
| 080 |
|
|
|a 821.131.1-1
|2 2001
|
| 080 |
|
|
|a (048.8)
|2 2001
|
| 080 |
|
|
|a 82:165.212
|2 2001
|
| 100 |
1 |
|
|a Rusnáková, Natália,
|d 1982-
|4 aut
|9 258951
|
| 245 |
1 |
0 |
|a Pascoli - D'Annunzio - Ungaretti
|b typy symbolizmu v modernom talianskom básnictve
|c Natália Rusnáková
|
| 246 |
3 |
1 |
|a Typy symbolizmu v modernom talianskom básnictve
|
| 250 |
|
|
|a 1. vyd.
|
| 260 |
|
|
|a Nitra
|b Univerzita Konštantína Filozofa
|c 2009
|
| 300 |
|
|
|a 173 s.
|b tab.
|c 20 cm
|
| 366 |
|
|
|e 150 výt.
|
| 504 |
|
|
|a Bibliogr. s. 169-173
|
| 600 |
1 |
7 |
|a Pascoli, Giovanni,
|d 1855-1912
|2 SNKMA
|9 80803
|
| 600 |
1 |
7 |
|a D'Annunzio, Gabriele,
|d 1863-1938
|2 SNKMA
|9 26000
|
| 600 |
1 |
7 |
|a Ungaretti, Giuseppe,
|d 1888-1970
|2 SNKMA
|9 223092
|
| 650 |
0 |
7 |
|a talianski básnici
|2 SNKPH
|9 239186
|
| 650 |
0 |
7 |
|a symbolizmus (literatúra)
|2 SNKPH
|9 19413
|
| 650 |
0 |
7 |
|a talianska poézia
|2 SNKPH
|9 1217
|
| 650 |
0 |
7 |
|a literárne symboly
|2 SNKPH
|9 86118
|
| 655 |
|
7 |
|a štúdie
|2 SNKPH
|9 57033
|
| 852 |
|
|
|a Štátna vedecká knižnica v Banskej Bystrici
|
| 919 |
|
|
|a 978-80-8094-491-9
|
| 958 |
|
|
|a NB
|
| 958 |
|
|
|a OND
|
| 968 |
|
|
|d 821
|
| 999 |
|
|
|c 918421
|d 920351
|
| 952 |
|
|
|a SNK
|b SNK
|y PREZ
|7 0
|p 17A0638923
|o snkSC 138062
|i snk2009/21116
|8 0
|0 0
|1 0
|4 0
|d 2009-11-25
|l 0
|r 2025-07-04 00:00:00
|w 2026-02-24
|
| 952 |
|
|
|a SNK
|b SNK
|y VYP
|7 0
|p 17A0638924
|o snkSC 138062 D1
|i snk2009/21117
|8 0
|z + 2 MPL
|0 0
|1 0
|4 0
|d 2009-11-25
|f 1
|l 0
|r 2026-02-24 08:07:19
|w 2026-02-24
|